• 首页
  • 本馆介绍
  • 公告通知
  • 最新文献
  • 馆藏检索
  • 电子资源
  • 读者导购
  • 参考咨询
  • 我的图书馆
  • 登录
  • 详细信息显示
  • 放入我的书架
  • 预约/预借图书
  • 作者相关作品
  • 分类相关作品
  • 丛书相关作品
  • 出版社相关作品

书目信息

  • 表格格式
  • 工作单格式
  • 卡片格式
题名:
创意经济概论
    
 
作者: 将三庚 , 王晓红 , 张杰 主编
分册:  
出版信息: 北京   首都经济贸易大学出版社  2009.01
页数: 320页
开本: 24cm
丛书名:
单 册:
中图分类: G114
科图分类:
主题词: 文化事业--世界
电子资源:
ISBN: 978-7-5638-1603-3
000 00703nam0 2200205 450
001 202411011911007409
005 20241112105800.45
010    @a978-7-5638-1603-3@d¥29.00
100    @a20241101d km y0chiy0120 ea
101 0  @achi
200 1  @a创意经济概论@AChuang Yi Jing Ji Gai Lun@f将三庚,王晓红,张杰主编@FJiang San Geng,Wang Xiao Hong,Zhang Jie Zhu Bian
210    @a北京@c首都经济贸易大学出版社@d2009.01
215    @a320页@d24cm
606 0  @a文化事业@x世界
690    @aG114@v4
701  0 @a将三庚@AJiang San Geng@4主编
701  0 @a王晓红@AWang Xiao Hong@4主编
701  0 @a张杰@AZhang Jie@4主编
801  0 @aCN@b大连网信软件有限公司图书馆·11@c20241112
905    @aZUCC@b7510810@dG114@e156@f1
    
    创意经济概论/将三庚,王晓红,张杰主编.-北京:首都经济贸易大学出版社,2009.01
    320页;24cm
    
    
    ISBN 978-7-5638-1603-3:¥29.00
    
●
相关链接 在E读中查询图书 在五车中查询图书 在当当中查询图书 在豆瓣中查询图书


正题名:创意经济概论     索取号:G114/156         预约/预借

序号 登录号 条形码 馆藏地/架位号 状态 备注
1 7510810   275108107   密集书库-史法系/ [索取号:G114/156] 在馆    
唐山师范学院图书馆 欢迎您!
大连网信软件有限公司© 版权所有